000 00617nam a2200241Ia 4500
003 OSt
005 20221005070114.0
006 a|||||r|||| 00| 0
007 ta
008 221004b |||||||| |||| 00| 0 eng d
024 _a62417
037 _cTextual
040 _aCRL
_cCRL
_beng
041 _2eng
_aeng
082 _aV2,32wN35,1, N6
100 _aPatil Shivraj V
245 0 _aReminiscences and reflections
260 _aMumbai
_bSomaiya
_c1996
300 _a209p.
_ccm.
650 _aHISTORY
942 _hV2,32wN35,1, N6
_cTEXL
_2cc
999 _c975689
_d975689